Modern Operating Systems (Record no. 3816)

MARC details
000 -LEADER
fixed length control field 00407nam a22001697a 4500
005 - DATE AND TIME OF LATEST TRANSACTION
control field 20160624120438.0
008 - FIXED-LENGTH DATA ELEMENTS--GENERAL INFORMATION
fixed length control field 160624b xxu||||| |||| 00| 0 eng d
020 ## - INTERNATIONAL STANDARD BOOK NUMBER
ISBN 978-81-317-2003-5
041 ## - LANGUAGE CODE
Language code of text/sound track or separate title eng
082 ## - DEWEY DECIMAL CLASSIFICATION NUMBER
Item number 9518
100 ## - MAIN ENTRY--AUTHOR NAME
Personal name Thanenbaum. Andrews
245 ## - TITLE STATEMENT
Title Modern Operating Systems
260 ## - PUBLICATION, DISTRIBUTION, ETC. (IMPRINT)
Place of publication Delhi
Name of publisher Pearson Education
300 ## - PHYSICAL DESCRIPTION
Number of Pages 1002
650 ## - SUBJECT ADDED ENTRY--TOPICAL TERM
Topical Term Management
942 ## - ADDED ENTRY ELEMENTS (KOHA)
Koha item type Books
Holdings
Lost status Damaged status Collection code Home library Current library Shelving location Date acquired Full call number Accession Number Koha item type
    CS/IT JRU Library JRU Library SHELF-52-D 24/06/2016 9518 9518 Books